Géopolitique de l'Iran (notice n° 1553013)
[ vue normale ]
| 000 -LEADER | |
|---|---|
| fixed length control field | 01605cam a2200277zu 4500 |
| 003 - CONTROL NUMBER IDENTIFIER | |
| control field | FRCYB88819625 |
| 005 - DATE AND TIME OF LATEST TRANSACTION | |
| control field | 20251020123102.0 |
| 008 - FIXED-LENGTH DATA ELEMENTS--GENERAL INFORMATION | |
| fixed length control field | 251020s2010 fr | o|||||0|0|||fre d |
| 020 ## - INTERNATIONAL STANDARD BOOK NUMBER | |
| International Standard Book Number | 9782200351168 |
| 035 ## - SYSTEM CONTROL NUMBER | |
| System control number | FRCYB88819625 |
| 040 ## - CATALOGING SOURCE | |
| Original cataloging agency | FR-PaCSA |
| Language of cataloging | fr |
| Transcribing agency | |
| Description conventions | rda |
| 100 1# - MAIN ENTRY--PERSONAL NAME | |
| Personal name | Hourcade, Bernard |
| 245 01 - TITLE STATEMENT | |
| Title | Géopolitique de l'Iran |
| Statement of responsibility, etc. | ['Hourcade, Bernard'] |
| 264 #1 - PRODUCTION, PUBLICATION, DISTRIBUTION, MANUFACTURE, AND COPYRIGHT NOTICE | |
| Name of producer, publisher, distributor, manufacturer | Armand Colin |
| Date of production, publication, distribution, manufacture, or copyright notice | 2010 |
| 300 ## - PHYSICAL DESCRIPTION | |
| Extent | p. |
| 336 ## - CONTENT TYPE | |
| Content type code | txt |
| Source | rdacontent |
| 337 ## - MEDIA TYPE | |
| Media type code | c |
| Source | rdamdedia |
| 338 ## - CARRIER TYPE | |
| Carrier type code | c |
| Source | rdacarrier |
| 520 ## - SUMMARY, ETC. | |
| Summary, etc. | L'Iran éternel, chiite, persan puis pétrolier a toujours affirmé sa forte identité entre les mondes arabe, turc, indien et européen. L'Iran du chah était « le gendarme du golfe Persique » face à l'URSS. La révolution islamique de 1979 a bouleversé le Moyen-Orient et l'ordre mondial en s'opposant aux États-Unis, à ses voisins arabes et à Israël. Aucun pays au monde n'a subi autant de conflits et de guerres sur ses frontières ni suscité autant d'hostilité. Avec ses ambitions nucléaires, l'Iran islamique est perçu comme un État terroriste et une menace. De façon paradoxale, la nouvelle société iranienne affirme sa volonté de participer au monde contemporain, sans renoncer à son héritage national et musulman. L'ancienne Perse serait-elle en train de se transformer en une puissance globale émergente ? |
| 650 #0 - SUBJECT ADDED ENTRY--TOPICAL TERM | |
| Topical term or geographic name entry element | |
| 700 0# - ADDED ENTRY--PERSONAL NAME | |
| Personal name | Hourcade, Bernard |
| 856 40 - ELECTRONIC LOCATION AND ACCESS | |
| Access method | Cyberlibris |
| Uniform Resource Identifier | <a href="https://international.scholarvox.com/netsen/book/88819625">https://international.scholarvox.com/netsen/book/88819625</a> |
| Electronic format type | text/html |
| Host name | |
Pas d'exemplaire disponible.




Réseaux sociaux